| 000 | 01344nam a22002297a 4500 | ||
|---|---|---|---|
| 003 | BJBSDDR | ||
| 005 | 20260514121032.0 | ||
| 007 | ta | ||
| 008 | 260514s2003 nyu||||| |||| 00| 0 eng d | ||
| 020 | _a9780786711468 | ||
| 020 | _a0786711469 | ||
| 040 |
_bspa _cBJBSDDR |
||
| 041 | _aeng | ||
| 050 | _bK64 2003 | ||
| 100 | 1 |
_aKleinberg, Eliot _948439 |
|
| 245 | 1 | 0 |
_aBlack cloud : _bthe great Florida hurricane of 1928 / _cEliot Kleinberg |
| 260 |
_aNew York : _bCarroll & Graf Publishers, _c2003 |
||
| 300 |
_a xvi, 283 pages : _billustrations ; _c24 cm |
||
| 520 | _aIn September 1928, when great storms were still unnamed, nearly 700 black men, women, and children were buried in an unmarked West Palm Beach ditch following the nation's second-deadliest hurricane. The savage gusts that churned the waters of Lake Okeechobee into a maelstrom of death afflicted victims of all races and classes, and produced tales of survival and loss among whites and blacks alike. The great African-American writer Zora Neale Hurston, immortalized the havoc the storm unleashed on the great lakes denizens in her classic Their Eyes Were Watching God. The vast majority of the post-storm workers were poor black migrants; even if the hurricane was color-blind, the recovery and rebuilding effort were not | ||
| 942 |
_2lcc _n0 _cBK |
||
| 946 | _icmc | ||
| 999 |
_c127090 _d127090 |
||